100 Animals by Picture - Statistics

General Stats
  • This quiz has been taken 11,141 times
    11,134 since last reset
  • The average score is 64 of 100
Answer Stats
Picture Answer % Correct
Jellyfish
95%
Moose
93%
Hyena
91%
Lion
90%
Camel
89%
Kangaroo
89%
Rabbit
89%
Owl
88%
Panda
87%
Fox
86%
Polar Bear
86%
Alligator
84%
Clownfish
84%
Sloth
84%
Zebra
84%
Mosquito
83%
Bat
81%
Pelican
81%
Grizzly Bear
80%
Ladybug
80%
Llama
80%
Chipmunk
79%
Elephant
79%
Hippopotamus
79%
Lemur
79%
Badger
78%
Bison
76%
Gorilla
76%
Raccoon
76%
Turkey
76%
Guinea Pig
75%
Peacock
75%
Pigeon
75%
Chameleon
74%
Giraffe
74%
Rattlesnake
74%
Hedgehog
73%
Platypus
73%
Armadillo
72%
Black Widow
72%
Hummingbird
72%
Skunk
72%
Tarantula
72%
Tiger
72%
Toucan
72%
Manta Ray
71%
Anteater
70%
Capybara
70%
Otter
70%
Koala
68%
Tuna
66%
Vulture
66%
Emperor Penguin
65%
Lynx
65%
Orca
65%
Earthworm
64%
Grasshopper
64%
Iguana
64%
Manatee
64%
Sea Turtle
64%
Shrimp
64%
Jaguar
63%
Tasmanian Devil
63%
Centipede
62%
Dingo
61%
Sea Lion
61%
Baboon
60%
Dragonfly
60%
Great White Shark
59%
Wasp
59%
Kiwi
58%
Woodpecker
57%
Monarch Butterfly
56%
Opossum
56%
Puffin
55%
Axolotl
54%
Yak
54%
Wolf
51%
Cardinal
49%
Chinchilla
47%
Mountain Lion
45%
Big Horn Sheep
43%
Aardvark
41%
Horseshoe Crab
41%
Prairie Dog
41%
Echidna
40%
Heron
40%
Macaw
39%
Ocean Sunfish
39%
Tapir
33%
Moray Eel
32%
Bearded Dragon
31%
Bullfrog
30%
Jackal
29%
Black Mamba
27%
Ibis
26%
Star Nose Mole
16%
Ermine
14%
Leafy Sea Dragon
13%
Coati
12%
No matching quizzes found
Score Distribution
Percent of People with Each Score
Percentile by Number Answered
Your Score History
You have not taken this quiz since the last reset